Responses for show #3749 - Thursday, December 14, 2000

Contestants

Bret Jensen, a software specialist from Olympia, Washington

Leslie Sweeney, a homemaker from Greensburg, Pennsylvania

John Draz, a culinary school instructor from Chicago, Illinois (whose 1-day cash winnings total $8,601)

Jeopardy! Round responses

U.S. HISTORY
PARKER BROTHERS & SISTERS
EUROPA, EUROPA
THE CHERRY BOWL
THEATRE 2000
GRUB, SHRUB OR BEELZEBUB
(Alex: This is a first for us...we will give you a clue & that clue will either be food, a plant or the Devil.)
    $100 2
Richard Sears

Bret
    $100 13
Sarah Jessica Parker

Bret
    $100 20
Ireland

Bret
    $100 8
Japan

Leslie
    $100 25
Paul Newman

John
    $100 1
(J: What is a food?)

Grub

JohnLeslie
    $200 3
(Alex: Not a can of sardines!)

The Supreme Court

Triple Stumper
    $200 14
Dorothy Parker

Triple Stumper
    $200 21
Netherlands (Holland)

Bret
    $200 9
Ben & Jerry

Bret
    $200 26
Civil War

Triple Stumper
    $200 5
Shrub

John
    $300 4
Strategic Arms Limitation Talks

Triple Stumper
    $300 15
Colonel Tom Parker

Bret
    $300 22
Russia

Triple Stumper
    $300 10
Cherry-picking

Triple Stumper
    $300 27
Hans Christian Andersen

John
    $300 6
Beelzebub

John
    $400 11
New York Herald

John
    $400 16
Ray Parker Jr.

Leslie
    $400 23
Austria-Hungary

John
    $400 17
Neneh Cherry

Bret
    $400 28
"Annie Get Your Gun"

John
    $400 7
Beelzebub (Biblical term)

Leslie
    $500 12
(J: What is Arizona?)

Oklahoma

John
    $500 18
Robert B. Parker

Triple Stumper
    $500 24
Catalonia

John
    $500 19
"The Cherry Orchard"

John
    $500 29
Mae West

Leslie
    $500 30
Grub (rabbit stew)

Leslie

Scores at the first commercial break (after clue 14):

John Leslie Bret
$300 $600 $400

Scores at the end of the Jeopardy! Round:

John Leslie Bret
$2,500 $2,000 $1,400

Double Jeopardy! Round responses

AMERICAN ART
R&B
'60s FASHION
FRANCO-AMERICAN CITIES
(Alex: We'll give you the meaning, you have to identify the city for us.)
"LOVE" IS THE ANSWER
(Alex: That's the answer...)
WHAT'S THE QUESTION?
    $200 25
Paul Revere

John
    $200 6
Whitney Houston

Bret
    $200 10
Jacqueline Kennedy Onassis

Leslie
    $200 20
Fond du Lac

Leslie
    $200 1
The Love Bug

Bret
    $200 15
Who is the fairest of them all?

John
    $400 26
Oregon Trail

John
    $400 7
(B: Who is Wyclef Jean?)

Lauryn Hill

Bret
Triple Stumper
    $400 11
Cleopatra

Bret
    $400 21
(B: What is Coeur d'Alene?)

Boise

LeslieBret
    $400 2
The Love Boat

Bret
    $400 16
Where are you?

Leslie
    $600 27
Grant Wood

John
    $600 8
Vanessa Williams

Triple Stumper
    $600 12
Paper dresses

Leslie
    $1,200 22
(L: No response)
(less than a minute to go...)

Eau Claire

Leslie
    $600 3
From Russia With Love

Bret
    $600 17
"Da Ya Think I'm Sexy?"

John
    $800 28
U.S. Capitol

John
    $800 9
Toni Braxton

Triple Stumper
    $800 13
Unisex

Triple Stumper
    $800 23
Beaumont

Triple Stumper
    $800 4
H.P. Lovecraft

Triple Stumper
    $1,000 18
"Who's Afraid of Virginia Woolf?"

John
    $1000 29
[The end-of-round signal sounds.]

Edward Hopper

John
    $1000 14
Rudi Gernreich

Triple Stumper
    $1000 24
Terre Haute

Leslie
    $1000 5
Star-crossed lovers

John
    $1000 19
(J: What is "Who's Lonely Now?")

"Who's Sorry Now?"

JohnLeslie

Scores at the end of the Double Jeopardy! Round:

John Leslie Bret
$7,300 $4,600 $2,400

[wagering suggestions for these scores]

Final Jeopardy! Round responses

BIOGRAPHIES
(Alex: (going over Leslie's response) What are we doing here, judges - doesn't look like it's finished & we can't accept it.)
BretWho was Mary Todd Lincoln?
$2,400
LeslieWho is Mary Lincol/
$2,800
JohnWho is Mary Todd Lincoln?
$1,900
Mary Todd Lincoln

Final scores:

John Leslie Bret
$9,200 $1,800 $4,800
2-day champion: $17,801 3rd place: Wall Street Creations Gift Certificate 2nd place: Trip to the Hilton at Short Hills, New Jersey

Game dynamics:

Coryat scores:

John Leslie Bret
$7,600 $5,800 $2,400
18 R
(including 1 DD),
3 W
(including 1 DD)
13 R,
1 W
(including 1 DD)
12 R,
2 W

Combined Coryat: $15,800

The J! Archive is created by fans, for fans. The Jeopardy! game show and all elements thereof, including but not limited to copyright and trademark thereto, are the property of Jeopardy Productions, Inc. and are protected under law. This website is not affiliated with, sponsored by, or operated by Jeopardy Productions, Inc. Join the discussion at JBoard.tv.